Ciné Films marquant la collaboration Claude Chabrol-Isabelle Huppert - Statistiques

Statistiques générales
  • Ce quiz a été pris 21 fois
  • Le résultat moyen est 5 sur 7
Statistiques - réponses
Année de sortie Autres acteurs/actrices Film % Correct
1995 Sandrine Bonnaire & Jacqueline Bisset La cérémonie
100%
2000 Jacques Dutronc & Anna Mouglalis Merci pour le chocolat
89%
1988 François Cluzet & Marie Trintignant Une affaire de femmes
83%
1979 Stéphane Audran & Jean Carmet Violette Nozière
83%
1991 Jean-François Balmer Madame Bovary
61%
2006 François Berléand & Patrick Bruel L'ivresse du pouvoir
56%
1997 Michel Serrault & François Cluzet Rien ne va plus
56%
Aucun quiz correspondant
Distribution des résultats
% des personnes avec chaque résultat
Percentile par nombre de réponses
Votre historique - résultats
Vous n’avez pas pris ce quiz